Astrological Symbols of Signs of the Zodiac (by Picture) - Statistics

General Stats
  • This quiz has been taken 1,125 times
    1,057 since last reset
  • The average score is 9 of 12
Answer Stats
Picture Answer % Correct
Aquarius
88%
Taurus
84%
Aries
83%
Gemini
83%
Cancer
79%
Leo
78%
Sagittarius
78%
Libra
77%
Virgo
74%
Scorpio
73%
Pisces
68%
Capricorn
65%
No matching quizzes found
Score Distribution
Percent of People with Each Score
Percentile by Number Answered
Your Score History
You have not taken this quiz since the last reset